Statistics for Signs of the Celtic Zodiac

Click here to take the quiz!

General Stats

  • This quiz has been taken 13 times
  • The average score is 11 of 26

Answer Stats

DatesSign% Correct
Jul 8 - Aug 4Horse
83%
Oak
75%
Jan 21 - Feb 17Cat
75%
Aug 5 - Sep 1Salmon
67%
Sep 2 - Sep 29Swan
67%
Oct 28 - Nov 24Wolf
67%
Nov 25 - Dec 23Falcon
67%
Birch
58%
Mar 18 - Apr 14Fox
58%
Apr 15 - May 12Bull
58%
Jun 10 - Jul 7Wren
58%
Feb 18 - Mar 17Adder
50%
Rowan
42%
Ash
42%
Ivy
33%
Holly
33%
Dec 24 - Jan 20Stag
33%
Willow
33%
Hawthorn
25%
Alder
25%
Elder
25%
Hazel
17%
Sep 30 - Oct 27Butterfly
8%
Vine
8%
May 13 - Jun 9Seahorse
8%
Reed
8%

Score Distribution

Percentile by Number Answered

Percent of People with Each Score

Your Score History

You have not taken this quiz